00258nam a2200097 a 450000500170000000800410001705000220005824500250008026000350010544000200014020140414132113.0110817s19uu xx 00 eng d aREF 503bIN1 1990 aInvestigating light. aSingapore :bWorl book,c1990. aYoung Scientist